Eğitim ve sürdürülebilir büyüme (Record no. 6818)
[ view plain ]
| 000 -BAŞLIK | |
|---|---|
| Sabit Uzunlukta Kontrol Alanı | 00998na a2200301 4500 |
| 001 - KONTROL NUMARASI | |
| Denetim Alanı | 20100 |
| 003 - KONTROL NUMARASI IDENTIFIER | |
| Denetim Alanı | MIRAKIL |
| 005 - SON İŞLEM TARİHİ VE ZAMANI | |
| Denetim Alanı | 20181213155120.0 |
| 008 - SABİT-BOY VERİ ELEMANLARI - GENEL BİLGİLER | |
| Sabit Uzunlukta Kontrol Alanı | 170103b tu 000 0 |
| 020 ## - ULUSLARARASI STANDART KİTAP NUMARASI | |
| Uluslararası Standart Kitap Numarası | 975845899X |
| 035 ## - SİSTEM KONTROL NUMARASI | |
| Sistem Kontrol Numarası | 20100 |
| 040 ## - KATALOGLAMA KAYNAK | |
| Orijinal Kataloglama Ajansı | Milas |
| Kataloglama Dili | tur |
| Metne Dönüştürmek Ajansı | TR-AnCHP |
| 041 ## - DİL KODU | |
| Metin / Ses Parça Veya Ayrı Başlığın Dil Kodu | tur |
| 082 ## - DEWEY ONLU SINIFLANDIRMA NUMARASI | |
| Sınıflandırma Numarası | 370.9561 |
| Ürün Numarası | E35 2006 |
| 090 ## - SINIFLAMA NUMARASI | |
| Sınıflama Numarası | 370.9561 E35 2006 |
| 245 ## - BAŞLIK TABLOSU | |
| Başlık | Eğitim ve sürdürülebilir büyüme |
| Başlığın Kalan | Türkiye deneyimi, riskler ve fırsatlar |
| Sorumluluk Tablosu, Vb | [hazırlayanlar] Şeref Saygılı, Cengiz Cihan, Zafer Ali Yavan |
| 260 ## - YAYIN, DAĞITIM, VB | |
| Yayın, Dağıtım, Vb Yeri | İstanbul |
| Yayıncı, Dağıtıcı, Vs Adı | TÜSİAD |
| Yayın, Dağıtım, Vb Tarihi | 2006 |
| 300 ## - FİZİKSEL TANIM | |
| Kapsam | 182 s. |
| Diğer Fiziksel Ayrıntıları | tbl.; grf. |
| Boyutlar | 28 sm. |
| 490 ## - SERİSİ TABLOSU | |
| Seri Beyanı | TÜSİAD Büyüme Stratejileri Dizisi |
| Hacim / Ardışık Tanımı | 7 |
| 490 ## - SERİSİ TABLOSU | |
| Seri Beyanı | TÜSİAD-T |
| Hacim / Ardışık Tanımı | 2006-06-420 |
| 650 ## - KONU KATMA GİRİŞ - TOPİKAL DÖNEM | |
| Topikal Süreli Veya Coğrafi Ad Giriş Elemanı | Eğitim |
| Genel Alt Bölümü | Büyüme ve gelişme |
| Kronolojik Alt Bölümü | Fırsatlar |
| 650 ## - KONU KATMA GİRİŞ - TOPİKAL DÖNEM | |
| Topikal Süreli Veya Coğrafi Ad Giriş Elemanı | Eğitim |
| Genel Alt Bölümü | Büyüme ve gelişme |
| Kronolojik Alt Bölümü | Riskler |
| 651 ## - KONU KATMA GİRİŞ - COĞRAFİ ADI | |
| Coğrafi İsim | Türkiye |
| Genel Alt Bölümü | Eğitim politikaları |
| Kronolojik Alt Bölümü | Sürdürülebilirlik |
| 700 ## - KATMA GİRİŞ - KİŞİSEL İSİM | |
| Kişisel Ad | Saygılı, Şeref |
| 700 ## - KATMA GİRİŞ - KİŞİSEL İSİM | |
| Kişisel Ad | Cihan, Cengiz |
| 700 ## - KATMA GİRİŞ - KİŞİSEL İSİM | |
| Kişisel Ad | Yavan, Zafer Ali |
| 942 ## - EKLENDİ GİRİŞ ELEMANLARI (KOHA) | |
| Sınıflandırma Veya Raf Düzeni Kaynak | Dewey Decimal Classification |
| Koha Öğesi Türü | Books |
| 999 ## - SİSTEM KONTROL NUMARALARI (KOHA) | |
| Koha Biblionumber | 6818 |
| Koha Biblioitemnumber | 6818 |
| Kalıcı Konum | Mevcut Konum | Edinme Tarihi | Edinim Kaynak | Toplam Check-Out'Lar | Tam Çağrı Numarası | Barkod | Tarih Son Görülme | İtibaren Geçerli Fiyatlar | Koha Öğesi Türü |
|---|---|---|---|---|---|---|---|---|---|
| CHP Kütüphanesi | CHP Kütüphanesi | 01/03/2017 | Bağış | 370.9561 E35 2006 | 010463 | 01/03/2017 | 01/03/2017 | Books |
